Every Premier League Goalscorer (2017/18) - Statistics

General Stats
  • This quiz has been taken 192 times
  • The average score is 76 of 253
Answer Stats
Player Club Goals % Correct
Mohamed Salah Liverpool 32
89%
Sadio Mané Liverpool 10
87%
Sergio Agüero Manchester City 21
85%
Harry Kane Tottenham Hotspur 30
83%
Roberto Firmino Liverpool 15
83%
Heung-min Son Tottenham Hotspur 12
81%
Jamie Vardy Leicester City 20
81%
Alexandre Lacazette Arsenal 14
78%
Kevin De Bruyne Manchester City 8
78%
Marcus Rashford Manchester United 7
78%
Raheem Sterling Manchester City 18
76%
Pierre-Emerick Aubameyang Arsenal 10
75%
Bernardo Silva Manchester City 6
72%
David Silva Manchester City 9
72%
Riyad Mahrez Leicester City 12
72%
Wilfried Zaha Crystal Palace 9
70%
Eden Hazard Chelsea 12
69%
Romelu Lukaku Manchester United 16
69%
Leroy Fer Swansea City 1
68%
Jordan Henderson Liverpool 1
66%
Mesut Özil Arsenal 4
66%
Callum Wilson Bournemouth 8
63%
Dele Alli Tottenham Hotspur 9
63%
Gabriel Jesus Manchester City 13
63%
Alexis Sánchez Arsenal 7
62%
Alexis Sánchez Manchester United 2
62%
Anthony Martial Manchester United 9
61%
Paul Pogba Manchester United 6
60%
N'Golo Kanté Chelsea 1
59%
Trent Alexander-Arnold Liverpool 1
59%
Andrew Robertson Liverpool 1
57%
Leroy Sané Manchester City 10
57%
Olivier Giroud Arsenal 4
57%
Olivier Giroud Chelsea 3
57%
Chris Wood Burnley 10
53%
Wayne Rooney Everton 10
53%
Dominic Calvert-Lewin Everton 4
51%
Fernandinho Manchester City 5
51%
Willian Chelsea 6
51%
Christian Eriksen Tottenham Hotspur 10
50%
Danny Welbeck Arsenal 5
50%
Ashley Barnes Burnley 9
49%
Christian Benteke Crystal Palace 3
49%
Granit Xhaka Arsenal 1
49%
Joël Matip Liverpool 1
49%
Juan Mata Manchester United 3
49%
Stephen Ward Burnley 1
49%
Troy Deeney Watford 5
49%
Ilkay Gündogan Manchester City 4
48%
Philippe Coutinho Liverpool 7
48%
Vincent Kompany Manchester City 1
48%
Harry Maguire Leicester City 2
47%
Sung-yueng Ki Swansea City 2
47%
Xherdan Shaqiri Stoke City 8
47%
Alex Oxlade-Chamberlain Liverpool 3
46%
Álvaro Morata Chelsea 11
46%
Héctor Bellerín Arsenal 2
46%
Jesse Lingard Manchester United 8
46%
André Ayew West Ham United 3
45%
Danny Ings Liverpool 1
45%
Jordan Ayew Swansea City 7
45%
Marcos Alonso Chelsea 7
44%
Aaron Ramsey Arsenal 7
43%
Adam Smith Bournemouth 1
43%
Dejan Lovren Liverpool 2
43%
Georginio Wijnaldum Liverpool 1
43%
Henrikh Mkhitaryan Arsenal 2
43%
Henrikh Mkhitaryan Manchester United 1
43%
Lewis Dunk Brighton & Hove Albion 1
43%
Theo Walcott Everton 3
43%
Ben Davies Tottenham Hotspur 2
42%
Michail Antonio West Ham United 3
42%
Nemanja Matić Manchester United 1
42%
Nicolás Otamendi Manchester City 4
42%
Pedro Chelsea 4
42%
Tom Davies Everton 2
42%
Andy King Leicester City 1
41%
Andy King Swansea City 2
41%
Joshua King Bournemouth 8
41%
Laurent Koscielny Arsenal 2
40%
Alex Iwobi Arsenal 3
39%
César Azpilicueta Chelsea 2
39%
Dominic Solanke Liverpool 1
39%
James Ward-Prowse Southampton 3
39%
Gylfi Sigurðsson Everton 4
38%
Kevin Long Burnley 1
38%
Shane Long Southampton 2
38%
Shkodran Mustafi Arsenal 3
38%
Steve Cook Bournemouth 2
38%
Emre Can Liverpool 3
37%
Glenn Murray Brighton & Hove Albion 12
37%
Jack Wilshere Arsenal 1
37%
Marouane Fellaini Manchester United 4
37%
Peter Crouch Stoke City 5
37%
Marko Arnautović West Ham United 11
36%
Pascal Groß Brighton & Hove Albion 7
36%
Chris Smalling Manchester United 4
35%
Daniel Sturridge Liverpool 2
35%
Antonio Valencia Manchester United 3
34%
Richarlison Watford 5
34%
Aaron Mooy Huddersfield Town 4
33%
Ashley Williams Everton 1
33%
Ashley Young Manchester United 2
33%
Jesé Rodríguez Stoke City 1
33%
Marc Albrighton Leicester City 2
33%
Nacho Monreal Arsenal 5
33%
Andre Gray Watford 5
32%
Ayoze Pérez Newcastle United 8
32%
Demarai Gray Leicester City 3
32%
Jay Rodríguez West Bromwich Albion 7
32%
Danny Drinkwater Chelsea 1
31%
David Luiz Chelsea 1
31%
Abdoulaye Doucouré Watford 7
29%
Cesc Fàbregas Chelsea 2
29%
Jonny Evans West Bromwich Albion 2
29%
Ryan Fraser Bournemouth 5
29%
Federico Fernández Swansea City 1
28%
Jonjo Shelvey Newcastle United 1
28%
Leighton Baines Everton 2
28%
Salomón Rondón West Bromwich Albion 7
28%
Shinji Okazaki Leicester City 6
28%
Per Mertesacker Arsenal 1
27%
Antonio Rüdiger Chelsea 2
26%
Mark Noble West Ham United 4
26%
Victor Moses Chelsea 3
26%
Will Hughes Watford 2
26%
Eric Bailly Manchester United 1
25%
Érik Lamela Tottenham Hotspur 2
25%
Fabian Delph Manchester City 1
25%
Fernando Llorente Tottenham Hotspur 1
25%
Javier Hernández West Ham United 8
25%
Luka Milivojević Crystal Palace 10
25%
Sead Kolašinac Arsenal 2
25%
Wilfried Bony Swansea City 2
25%
Andros Townsend Crystal Palace 2
24%
Kelechi Iheanacho Leicester City 3
24%
Matt Ritchie Newcastle United 3
23%
Andy Carroll West Ham United 3
22%
Diafra Sakho West Ham United 2
22%
Dušan Tadić Southampton 6
22%
Jack Cork Burnley 2
22%
James Tomkins Crystal Palace 3
22%
Junior Stanislas Bournemouth 5
22%
Mamadou Sakho Crystal Palace 1
22%
Moussa Sissoko Tottenham Hotspur 1
22%
Nathan Aké Bournemouth 2
22%
Tammy Abraham Swansea City 5
22%
Kurt Zouma Stoke City 1
21%
Victor Wanyama Tottenham Hotspur 1
21%
Joe Allen Stoke City 2
20%
Manuel Lanzini West Ham United 5
20%
Aaron Cresswell West Ham United 1
19%
Angelo Ogbonna West Ham United 1
19%
Gerard Deulofeu Watford 1
19%
Jermain Defoe Bournemouth 4
19%
Jordon Ibe Bournemouth 2
19%
Michy Batshuayi Chelsea 2
19%
Patrick van Aanholt Crystal Palace 5
19%
Ruben Loftus-Cheek Crystal Palace 2
19%
Solly March Brighton & Hove Albion 1
19%
Ryan Shawcross Stoke City 1
18%
Dwight Gayle Newcastle United 6
17%
Jamaal Lascelles Newcastle United 3
17%
Charlie Austin Southampton 7
16%
Danilo Manchester City 3
16%
James McArthur Crystal Palace 5
16%
Manolo Gabbiadini Southampton 5
16%
Nathan Redmond Southampton 1
16%
Sam Vokes Burnley 4
16%
Steve Mounié Huddersfield Town 7
16%
Tiemoué Bakayoko Chelsea 2
16%
Yannick Bolasie Everton 1
16%
Charlie Daniels Bournemouth 1
15%
Islam Slimani Leicester City 1
15%
Laurent Depoitre Huddersfield Town 6
15%
Leonardo Ulloa Brighton & Hove Albion 1
15%
Scott Dann Crystal Palace 1
15%
Steven Davis Southampton 3
15%
Jack Stephens Southampton 2
14%
Matt Phillips West Bromwich Albion 2
14%
Tom Cleverley Watford 1
14%
Aleksandar Mitrović Newcastle United 1
13%
Cenk Tosun Everton 5
13%
Ciaran Clark Newcastle United 2
13%
Craig Dawson West Bromwich Albion 2
13%
Idrissa Gueye Everton 2
13%
Jacob Murphy Newcastle United 1
13%
José Izquierdo Brighton & Hove Albion 5
13%
Joselu Newcastle United 4
13%
Ragnar Klavan Liverpool 1
13%
Alfie Mawson Swansea City 2
12%
Cheikhou Kouyaté West Ham United 2
12%
Dan Gosling Bournemouth 2
12%
Mame Biram Diouf Stoke City 6
12%
Roberto Pereyra Watford 5
12%
Harry Arter Bournemouth 1
11%
Nacer Chadli West Bromwich Albion 1
11%
Serge Aurier Tottenham Hotspur 2
11%
Darren Fletcher Stoke City 1
10%
Daryl Janmaat Watford 3
10%
Davide Zappacosta Chelsea 1
10%
Étienne Capoue Watford 1
10%
James Collins West Ham United 1
10%
Jeff Hendrick Burnley 2
10%
Jóhann Berg Guðmundsson Burnley 2
10%
Rajiv van La Parra Huddersfield Town 3
10%
Tom Ince Huddersfield Town 2
10%
Christian Atsu Newcastle United 2
9%
Gareth Barry West Bromwich Albion 1
9%
Isaac Hayden Newcastle United 1
9%
Maya Yoshida Southampton 2
9%
Oriol Romeu Southampton 1
9%
Mikel Merino Newcastle United 1
8%
Andrew Surman Bournemouth 2
7%
Anthony Knockaert Brighton & Hove Albion 3
7%
Bakary Sako Crystal Palace 3
7%
Christian Kabasele Watford 2
7%
Hal Robson-Kanu West Bromwich Albion 2
7%
Jake Livermore West Bromwich Albion 2
7%
James Morrison West Bromwich Albion 1
7%
Jürgen Locadia Brighton & Hove Albion 1
7%
Mohamed Diamé Newcastle United 2
7%
Oumar Niasse Everton 8
7%
Pedro Obiang West Ham United 2
7%
Robbie Brady Burnley 1
7%
Sam Clucas Swansea City 3
7%
Sofiane Boufal Southampton 2
7%
Steven Defour Burnley 1
7%
Eric Maxim Choupo-Moting Stoke City 5
6%
Jan Bednarek Southampton 1
6%
Alex Pritchard Huddersfield Town 1
5%
Elias Kachunga Huddersfield Town 1
5%
Luciano Narsingh Swansea City 1
5%
Lys Mousset Bournemouth 2
5%
Mario Lemina Southampton 1
5%
Vicente Iborra Leicester City 3
5%
James McClean West Bromwich Albion 1
4%
João Mário West Ham United 2
4%
Kenedy Newcastle United 2
4%
Kiko Femenía Watford 1
4%
Miguel Britos Watford 1
4%
Mike van der Hoorn Swansea City 1
4%
Ramadan Sobhi Stoke City 2
4%
Scott Arfield Burnley 2
4%
Stefano Okaka Watford 1
4%
Tomer Hemed Brighton & Hove Albion 2
4%
Ahmed Hegazy West Bromwich Albion 2
3%
André Carrillo Watford 1
3%
Henri Saivet Newcastle United 1
3%
Badou Ndiaye Stoke City 2
2%
Joe Lolley Huddersfield Town 1
2%
Molla Wagué Watford 1
1%
Sam Field West Bromwich Albion 1
1%
No matching quizzes found
Score Distribution
Percent of People with Each Score
Percentile by Number Answered
Your Score History
You have not taken this quiz